000 00297 a2200121 4500
000 nam a22 7a 4500
005 20260224141321.0
020 _a9789369440610
100 _aDamodar Mauzo
_91116545
245 _aJaan Di Jaye Ya Chay Ho Jaye
260 _bVani Prakashan
_c2025
942 _cTEXL
999 _c1680131
_d1680131